<?xml version="1.0" encoding="UTF-8"?>
<record
    xmlns:xsi="http://www.w3.org/2001/XMLSchema-instance"
    xsi:schemaLocation="http://www.loc.gov/MARC21/slim http://www.loc.gov/standards/marcxml/schema/MARC21slim.xsd"
    xmlns="http://www.loc.gov/MARC21/slim">

  <leader>02173cam a2200457 i 4500</leader>
  <controlfield tag="001">10260686</controlfield>
  <controlfield tag="005">20220326193353.0</controlfield>
  <controlfield tag="008">130401s2011    po a     b    000 0 eng d</controlfield>
  <datafield tag="020" ind1=" " ind2=" ">
    <subfield code="a">9788362128044</subfield>
  </datafield>
  <datafield tag="020" ind1=" " ind2=" ">
    <subfield code="a">8362128046</subfield>
  </datafield>
  <datafield tag="035" ind1=" " ind2=" ">
    <subfield code="a">(OCoLC)ocn834144672</subfield>
  </datafield>
  <datafield tag="035" ind1=" " ind2=" ">
    <subfield code="a">(NNC)10260686</subfield>
  </datafield>
  <datafield tag="040" ind1=" " ind2=" ">
    <subfield code="a">OSU</subfield>
    <subfield code="b">eng</subfield>
    <subfield code="e">rda</subfield>
    <subfield code="c">OSU</subfield>
    <subfield code="d">YDXCP</subfield>
  </datafield>
  <datafield tag="082" ind1=" " ind2=" ">
    <subfield code="a">708</subfield>
    <subfield code="b">R771s</subfield>
  </datafield>
  <datafield tag="100" ind1=" " ind2=" ">
    <subfield code="a"> &#x141;ukasz Ronduda et all</subfield>
    <subfield code="9">5400</subfield>
  </datafield>
  <datafield tag="245" ind1="0" ind2="0">
    <subfield code="a">Star city :</subfield>
    <subfield code="b">the future under communism /</subfield>
    <subfield code="c">edited by &#x141;ukasz Ronduda, Alex Farquharson, Barbara Piwowarska ; [translations, Marcin Wawrzy&#x144;czak, Daniel Malone, Tatiana Sujkowska-Siniawska, Jana Kraj&#x148;&#xE1;kov&#xE1;, Daniel Morgan, Agata Pyzik].</subfield>
  </datafield>
  <datafield tag="300" ind1=" " ind2=" ">
    <subfield code="a">304 pages :</subfield>
    <subfield code="b">illustrations (some color) ;</subfield>
    <subfield code="c">22 cm.</subfield>
  </datafield>
  <datafield tag="500" ind1=" " ind2=" ">
    <subfield code="a">"This publication resulted from research related to Star City: The Future Under Communism, an exhibition curated by by &#x141;ukasz Ronduda and Alex Farquharson, organized by Nottingham Contemporary, 12 February-17 April 2010"--Page 303.</subfield>
  </datafield>
  <datafield tag="500" ind1=" " ind2=" ">
    <subfield code="a">"Writers: David Crowley, Tom&#xE1;&#x161; Pospiszyl, ... Artists: Pawe&#x142; Althamer, Goshka Macuga, ..."--Page [4] of cover.</subfield>
  </datafield>
  <datafield tag="504" ind1=" " ind2=" ">
    <subfield code="a">Includes bibliographical references.</subfield>
  </datafield>
  <datafield tag="650" ind1=" " ind2="0">
    <subfield code="a">Socialist realism in art.</subfield>
    <subfield code="9">5401</subfield>
  </datafield>
  <datafield tag="650" ind1=" " ind2="0">
    <subfield code="a">Cybernetics in art.</subfield>
    <subfield code="9">5402</subfield>
  </datafield>
  <datafield tag="650" ind1=" " ind2="0">
    <subfield code="a">Futurism (Art)</subfield>
    <subfield code="9">5403</subfield>
  </datafield>
  <datafield tag="650" ind1=" " ind2="0">
    <subfield code="a">Art, Modern</subfield>
    <subfield code="y">20th century.</subfield>
    <subfield code="9">121</subfield>
  </datafield>
  <datafield tag="700" ind1="1" ind2=" ">
    <subfield code="a">Ronduda, &#x141;ukasz,</subfield>
    <subfield code="e">editor.</subfield>
    <subfield code="9">5404</subfield>
  </datafield>
  <datafield tag="700" ind1="1" ind2=" ">
    <subfield code="a">Farquharson, Alex,</subfield>
    <subfield code="e">editor.</subfield>
    <subfield code="9">5405</subfield>
  </datafield>
  <datafield tag="700" ind1="1" ind2=" ">
    <subfield code="a">Piwowarska, Barbara,</subfield>
    <subfield code="e">editor.</subfield>
    <subfield code="9">5406</subfield>
  </datafield>
  <datafield tag="700" ind1="1" ind2=" ">
    <subfield code="a">Wawrzy&#x144;czak, Marcin,</subfield>
    <subfield code="e">translator.</subfield>
    <subfield code="9">5407</subfield>
  </datafield>
  <datafield tag="700" ind1="1" ind2=" ">
    <subfield code="a">Malone, Daniel,</subfield>
    <subfield code="e">translator.</subfield>
    <subfield code="9">5408</subfield>
  </datafield>
  <datafield tag="700" ind1="1" ind2=" ">
    <subfield code="a">Siniawska-Sujkowska, Tatiana,</subfield>
    <subfield code="e">translator.</subfield>
    <subfield code="9">5409</subfield>
  </datafield>
  <datafield tag="700" ind1="1" ind2=" ">
    <subfield code="a">Kraj&#x148;&#xE1;kov&#xE1;, Jana,</subfield>
    <subfield code="e">translator.</subfield>
    <subfield code="9">5410</subfield>
  </datafield>
  <datafield tag="700" ind1="1" ind2=" ">
    <subfield code="a">Morgan, Daniel</subfield>
    <subfield code="c">(Translator),</subfield>
    <subfield code="e">translator.</subfield>
    <subfield code="9">5411</subfield>
  </datafield>
  <datafield tag="700" ind1="1" ind2=" ">
    <subfield code="a">Pyzik, Agata,</subfield>
    <subfield code="e">translator.</subfield>
    <subfield code="9">5412</subfield>
  </datafield>
  <datafield tag="700" ind1="1" ind2=" ">
    <subfield code="a">Crowley, David,</subfield>
    <subfield code="e">editor.</subfield>
    <subfield code="9">5413</subfield>
  </datafield>
  <datafield tag="700" ind1="1" ind2=" ">
    <subfield code="a">Pospiszyl, Tom&#xE1;&#x161;,</subfield>
    <subfield code="e">editor.</subfield>
    <subfield code="9">1099</subfield>
  </datafield>
  <datafield tag="700" ind1="1" ind2=" ">
    <subfield code="a">Althamer, Pawe&#x142;,</subfield>
    <subfield code="d">1967-,</subfield>
    <subfield code="e">artist.</subfield>
    <subfield code="9">5414</subfield>
  </datafield>
  <datafield tag="700" ind1="1" ind2=" ">
    <subfield code="a">Macuga, Goshka,</subfield>
    <subfield code="d">1967-,</subfield>
    <subfield code="e">artist.</subfield>
    <subfield code="9">5415</subfield>
  </datafield>
  <datafield tag="710" ind1="2" ind2=" ">
    <subfield code="a">Nottingham Contemporary (Nottingham, England),</subfield>
    <subfield code="e">sponsoring body.</subfield>
    <subfield code="9">5416</subfield>
  </datafield>
  <datafield tag="948" ind1="1" ind2=" ">
    <subfield code="a">20130513</subfield>
    <subfield code="b">c</subfield>
    <subfield code="c">fra1</subfield>
    <subfield code="d">OSMC</subfield>
  </datafield>
  <datafield tag="999" ind1=" " ind2=" ">
    <subfield code="c">1008</subfield>
    <subfield code="d">1008</subfield>
  </datafield>
  <datafield tag="952" ind1=" " ind2=" ">
    <subfield code="0">0</subfield>
    <subfield code="1">0</subfield>
    <subfield code="2">ddc</subfield>
    <subfield code="4">0</subfield>
    <subfield code="7">0</subfield>
    <subfield code="a">LV</subfield>
    <subfield code="b">LV</subfield>
    <subfield code="c">Pensamiento</subfield>
    <subfield code="d">2016-08-12</subfield>
    <subfield code="l">1</subfield>
    <subfield code="o">708 R771s</subfield>
    <subfield code="p">004216</subfield>
    <subfield code="q">2019-10-19</subfield>
    <subfield code="r">2019-09-28 00:00:00</subfield>
    <subfield code="s">2019-09-28</subfield>
    <subfield code="w">2016-08-12</subfield>
    <subfield code="y">01</subfield>
  </datafield>
</record>
